Organizational Behavior 13/e
Сохранить в:
| Главный автор: | |
|---|---|
| Формат: | |
| Опубликовано: |
Wiley India
|
| Метки: |
Нет меток, Требуется 1-ая метка записи!
|
MARC
| LEADER | 00000nam a2200000Ia 4500 | ||
|---|---|---|---|
| 005 | 20260513122054.0 | ||
| 020 | |a 9789354242847 | ||
| 100 | |a Uhl-Bien | ||
| 365 | |c Rs. | ||
| 365 | |b 20.00 | ||
| 942 | |c BK | ||
| 245 | |a Organizational Behavior 13/e | ||
| 260 | |b Wiley India | ||
| 999 | |c 104 |d 104 | ||
| 952 | |0 0 |1 0 |4 0 |7 0 |a UNSW |b UNSW |d 2026-04-29 |g 1059.00 |i 16669 |l 0 |p 000011 |r 2026-05-13 12:20:54 |v 1059.00 |w 2026-05-13 |y BK | ||